000 00857nam a22003010a 4500
001 PT2746
003 AR-LpoUNG
005 20210131230641.0
008 191001s1996||||ag |||||||||||||||||spa d
020 _a8449302560
_c$12.60
040 _aAR-LpoUNG
_bspa
_cAR-LpoUNG
_eaacr
041 _aspa
044 _aag
082 0 _aR150.195 2 314di
100 1 _aLaplanche, Jean
245 1 0 _aDiccionario de psicoánalisis
250 _a1º edición
260 _aBuenos Aires :
_bPaidós,
_c1996.
300 _a535 p. :
_bil., gráfs., tbls.
520 _aEn esta obra se analiza el aparato conceptual del psicoanálisis.
650 4 _aESCUELAS DE PSICOLOGIA
650 4 _aMATERIAL DE REFERENCIA
650 4 _aPSICOLOGIA
651 4 _aDOCUMENTOS TEORICOS O METODOLOGICOS
700 1 _aPontalis, Jean-Bertrand
905 _a2746
942 _cLSALA
999 _c5330
_d5330